00876cam a2200253 a 45000010008000000030004000080050017000120080041000290100017000700200015000870400018001020500022001200820022001421000044001642450041002082600037002493000035002864400043003215040053003646500022004176500025004398560085004648560073005494961169OSt20220922120139.0970211s1997 nyua b 001 0 eng  a 97007692  a0070428077 aDLCcDLCdDLC00aQ325.5b.M58 199700a006.31221bMIT/M1 aMitchell, Tom M.q(Tom Michael),d1951-10aMachine Learning /cTom M. Mitchell. aNew York :bMcGraw-Hill,cc1997. axvii, 414 p. :bill. ;c25 cm. 0aMcGraw-Hill series in computer science aIncludes bibliographical references and indexes. 0aMachine learning. 0aComputer algorithms.423Publisher descriptionuhttp://www.loc.gov/catdir/description/mh022/97007692.html413Table of contentsuhttp://www.loc.gov/catdir/toc/mh022/97007692.html